| 000 | 01317nam a2200313 a 4500 | ||
|---|---|---|---|
| 001 | 000950987 | ||
| 003 | AM-YeHGA | ||
| 005 | 20250617145905.0 | ||
| 008 | 130312s2012 miua r 000 0 eng d | ||
| 020 | _a9780915703784 | ||
| 040 | _aAM-YeHGA | ||
| 041 | 0 | _aeng | |
| 245 | 0 | 0 |
_aAdvances in Titicaca basin archaeology / _cEdited by Alexei Vranich, Elizabeth A. Klarich and Charles Stanish. |
| 260 |
_aAnn Arbor : _bMuseum of Anthropology, University of Michigan, _c2012. |
||
| 300 |
_av. : _bill. |
||
| 490 | 1 |
_aLatin American Ethnohistory & Archaeology; _vVol. 9 |
|
| 490 | 1 |
_aMemoirs of the Museum of Anthropology University of Michigan _vVol. 51 (Vol.3) |
|
| 504 | _aIncludes bibliogr. references and index | ||
| 505 | 1 | 0 | _gVol. 3.(2012, 318 p.) |
| 650 | 1 | 4 |
_aIndians of South America _zTiticaca Lake Region (Peru and Bolilvia) _xAntiquities |
| 650 | 1 | 4 |
_aTiwanaku culture _zTiticaca Lake Region (Peru and Bolilvia) |
| 650 | 1 | 4 |
_aExcavations (Archaeology) _zTiticaca Lake Region (Peru and Bolilvia) |
| 651 | 4 |
_aTiticaca Lake Region (Peru and Bolilvia) _xAntiquities |
|
| 700 | 1 |
_aVranich, Alexei, _d1968- |
|
| 700 | 1 |
_aKlarich, Elizabeth A., _d1973- |
|
| 700 | 1 |
_aStanish, Charles, _d1956- |
|
| 830 | 0 |
_aMemoirs of the Museum of Anthropology University of Michigan _vNr. 51(Vol. 3) |
|
| 090 | _c321881 | ||
| 999 |
_c320146 _d320146 |
||